Vista normal
Vista MARC
Entrada Nombre personal
Número de registros utilizados en: 4
001 - NÚMERO DE CONTROL
- Campo de control: 20487
003 - IDENTIFICADOR DE NÚMERO DE CONTROL
- Campo de control: ES-MaCES
005 - FECHA Y HORA DE LA ULTIMA MODIFICACION
- Campo de control: 20080905103400.0
008 - ELEMENTOS DE DATOS DE LONGITUD FIJA
- Campo de longitud fija: 020903 | azznnaabn || aaa d
035 ## - NÚMERO DE CONTROL DEL SISTEMA
- Número de control del sistema: CES20020006321n
040 ## - FUENTE DE LA CATALOGACIÓN
- Agencia original de catalogación: ES-MaCES
- Idioma de catalogación: spa
- Agencia de transcripción: ES-MaCES
100 1# - ENCABEZAMIENTO--NOMBRE DE PERSONA
- Nombre personal: Patxot, Concepció
400 1# - TRAZADO VEÁSE--NOMBRE DE PERSONA
- Nombre personal: Patxot Cardoner, Concepció
670 ## - FUENTE DE DATOS ENCONTRADOS
- Fuente de citación: Biblioteca Nacional
901 ## - CES. DATOS SIRTEX
- ID Sirtex (N5N8): 0001500012728
- 005BIS Sirtex: 200209031420VMORALES

